Statistics for Latin Quotes Quiz

Click here to take the quiz!

General Stats

  • This quiz has been taken 327 times
  • The average score is 7 of 18

Answer Stats

PersonQuote% Correct
HoraceCarpe {diem}
96%
Iulius CaesarVeni, vidi, {vici}!
93%
ErasmusIn vino {veritas}
70%
Iulius CaesarEt tu {Brute}
67%
UnknownMemento {mori}
66%
René Descartes{Cogito}, ergo sum
65%
Iulius Caesar{Alea} iacta est
37%
Apostle PeterQuo {vadis}?
37%
Unknown{Urbi} et orbi
27%
UnknownOra et {labora}
24%
Iulius Caesar{Gallia} est omnis divisa in partes tres
18%
SenecaNon scholae, sed {vitae} discimus
18%
Unknown*Ex nihilo {nihil} fit
17%
UnknownManus {manum} lavat
14%
Constantine IIn hoc signo {vinces}
11%
Cicero{Exceptio} probat regulam
6%
SenecaQui multum habet, {plus} cupit
6%
CiceroSunt facta {verbis} difficiliora
2%

Score Distribution

Percentile by Number Answered

Percent of People with Each Score

Your Score History

You have not taken this quiz